Pokémon Générique 13 - Les Vainqueurs de la Ligue de Sinoh - Statistiques

Statistiques générales
  • Ce quiz a été pris 335 fois
  • Le résultat moyen est 48 sur 54
Statistiques - réponses
Paroles % Correct
De
98%
De
98%
De
98%
De
98%
(De)
98%
(De)
98%
Le
96%
Le
96%
(Pokémon)
96%
Pokémon !
96%
(Ligue)
95%
(La)
94%
(Les)
94%
(Vainqueurs)
93%
Nous
91%
Nous
91%
Tout
91%
Tout
91%
Et
90%
Moi,
90%
Nos
90%
Nos
90%
Toi,
90%
Tous
90%
Dépend
89%
Dépend
89%
Rêves,
89%
Espoirs.
88%
Notre
88%
On
88%
Amitié
87%
Fort,
87%
Plus
87%
(Sinoh)
87%
Devenir
86%
Enfin
86%
Peut
86%
Rendra
86%
Affronter
85%
Ciel,
85%
Ensemble
85%
Éternel.
85%
Pour
85%
Toucher
85%
Courage,
84%
Jamais,
84%
Trouver
84%
L'Histoire.
82%
N'abandonne
81%
prêt,
81%
Toujours
81%
Vaincrons !
80%
Écoute
72%
Tiens-toi
52%
Aucun quiz correspondant
Distribution des résultats
% des personnes avec chaque résultat
Percentile par nombre de réponses
Votre historique - résultats
Vous n’avez pas pris ce quiz